Weavings from Roman, Byzantine, and Islamic Egypt : the rich life and the dance /

محفوظ في:

المؤلف الرئيسي: Maguire, Eunice Dauterman (مؤلف)

مؤلفون آخرون: Choron, Rose, 1917-

التنسيق: كتاب

اللغة: English

الموضوعات:

الوسوم: إضافة وسم

لا توجد وسوم, كن أول من يضع وسما على هذه التسجيلة!

رقم الطلب: NK8807.15 .M34 1999

LEADER 01323namaa2200313 4500
001 15211
003 OSt
005 20210322074715.0
008 130303s1999 ilua g bc 000 0 eng d
952 |0 0  |1 0  |2 lcc  |4 0  |6 NK880715 M34 01999  |7 1  |9 11255  |a ARCE  |b ARCE  |d 2021-03-22  |l 0  |o NK8807.15 .M34 1999  |p 1002868  |r 2021-03-22 00:00:00  |w 2021-03-22  |y BK 
999 |c 10297  |d 10297 
020 |a 1883015316 
040 |c ARCE Library 
043 |a f-ua--- 
050 0 4 |a NK8807.15 .M34 1999 
100 1 |a Maguire, Eunice Dauterman,  |e author 
245 1 0 |a Weavings from Roman, Byzantine, and Islamic Egypt :  |b the rich life and the dance /  |c Eunice Dauterman Maguire ; with contributions from Rose Choron and others. 
264 1 |a [Champaign, Illinois] :‪  |b Krannert Art Museum + Kinkead Pavilion, University of Illinois at Urbana-Champaign,  |c 1999. 
300 |a 176 pages :  |b color illustrations ;  |c 27 cm. 
336 |a text  |b txt  |2 rdacontent 
337 |a unmediated  |b n  |2 rdamedia 
338 |a volume  |b nc  |2 rdacarrier 
504 |a Bibliography : pages 174-175. 
600 1 0 |a Choron, Rose,  |d 1917-  |x Art collections  |v Exhibitions.  |9 28025 
650 0 |a Islamic textile fabrics  |z Egypt  |v Exhibitions. 
650 0 |a Textile fabrics  |z Egypt  |x Themes, motives  |v Exhibitions. 
700 1 |a Choron, Rose,  |d 1917-  |9 28025 
901 |a reviewed 
942 |c BK  |2 lcc